000 00222nam a22000857a 4500
008 160702b xxu||||| |||| 00| 0 eng d
100 _91774
_a Jain, A.K., et al
245 _aComputer in Education
260 _aDelhi
_b Isha
_c2005
999 _c1478
_d1478